Solution behaviour of rubber seed oil-modified alkyd resins (Record no. 68893)

MARC details
000 -LEADER
fixed length control field 01826nam a2200205Ia 4500
100 ## - MAIN ENTRY--AUTHOR NAME
Personal name Aigbodion A I
245 #0 - TITLE STATEMENT
Title Solution behaviour of rubber seed oil-modified alkyd resins
260 ## - PUBLICATION, DISTRIBUTION, ETC. (IMPRINT)
Name of publisher Indian Journal of Natural Rubber Research
Year of publication 2001
300 ## - PHYSICAL DESCRIPTION
Number of Pages 48-54
520 ## - SUMMARY, ETC.
Summary, etc Solution behaviour of rubber seed oil (RSO) alkyds having oil content of 40, 50 and 60 per cent was investigated. Viscosity measurements of the finished alkyds were carried out in toluene and dimethyl formamide (DMF) while those of samples withdrawn periodically during preparation of the alkyds were determined in toluene solution at 30_+5 oC. The parameterrs investigated include intrinsic viscosity [n], Huggins (KH), Kaemers (KK) and Mark-Houwink-Sakurada (MHS) constants (k, k and alpha). [n] values for the alkyds are found to be influenced by their capability to form hydrogen bonds are larger in DMF (a relatively basic solveent); while [n] value for sample II with less tendency to associate with solvent molecule is larger in toluene. Values of KH and KK show no regularity in their variation with respect to the type of alkyd and solvent. MHS relationship was found to be applicable to RSO alkyds. Correlation of [n] with degree of polymerization (DP) and average molecular weight from end group analysis (Mav) showed a linear relationship. Variation in molecular weight distribution (MWD) of the alkyds as deduced from the MHS constants, k and k is of the same order as that found from polydisperity indices obtained from GPC analysis of the alkyds.
650 ## - SUBJECT ADDED ENTRY--TOPICAL TERM
Topical Term Alkyds
650 ## - SUBJECT ADDED ENTRY--TOPICAL TERM
Topical Term Intrinsic viscosity
650 ## - SUBJECT ADDED ENTRY--TOPICAL TERM
Topical Term Mark-Houwink-Sakurada equation
650 ## - SUBJECT ADDED ENTRY--TOPICAL TERM
Topical Term Rubber seed oil
650 ## - SUBJECT ADDED ENTRY--TOPICAL TERM
Topical Term Solution behaviour
700 ## - ADDED ENTRY--PERSONAL NAME
Personal name Bakare I O
700 ## - ADDED ENTRY--PERSONAL NAME
Personal name Pillai C K S
942 ## - ADDED ENTRY ELEMENTS (KOHA)
Koha item type Journals
Holdings
Withdrawn status Lost status Damaged status Not for loan Home library Current library Date acquired Serial Enumeration / chronology Koha item type
      Journals RRII Library RRII Library 28/11/2001 Volume 14, Issue 1 Journals